Bezpečnosť informačných technológií

Dôvody, pre ktoré je nevyhnutné sa venovať bezpečnosti informačných technológií/informačných systémov. Schéma zabezpečovacieho mechanizmu. Prvky bezpečnostného mechanizmu - príklady bezpečnostných mechanizmov. Kryptografické bezpečnostné mechanizmy. Elektronický podpis, normy ISO pre elektronický po...

Descripción completa

Guardado en:
Detalles Bibliográficos
Autor principal: Valovič, Peter
Formato: Capítulo de libro
Lenguaje:eslovaco
Materias:
Etiquetas: Agregar Etiqueta
Sin Etiquetas, Sea el primero en etiquetar este registro!

MARC

LEADER 00000naa$a2200000$$$4500
001 0051577
005 20231106072435.6
041 0 |a slo 
044 |a SK 
245 1 0 |a Bezpečnosť informačných technológií  |c Peter Valovič 
520 |a Dôvody, pre ktoré je nevyhnutné sa venovať bezpečnosti informačných technológií/informačných systémov. Schéma zabezpečovacieho mechanizmu. Prvky bezpečnostného mechanizmu - príklady bezpečnostných mechanizmov. Kryptografické bezpečnostné mechanizmy. Elektronický podpis, normy ISO pre elektronický podpis. Pokračovanie príspevku z č. 22 tohto časopisu. 
610 2 0 |a technológie informačné 
610 2 0 |a systémy informačné 
610 2 0 |a bezpečnosť 
610 2 0 |a bezpečnosť informačná 
610 2 0 |a podpis elektronický 
610 2 0 |a normy ISO 
100 1 |a Valovič, Peter